Statystyki dla Polskie tablice rejestracyjne... z przymrużeniem oka!

Kliknij tutaj aby rozwiązać quiz!

Ogólne statystyki

  • Ten quiz został rozwiązany 90 razy
  • Średni wynik to 8 z 20

Statystyki odpowiedzi

Tablica:Powiat / województwo / dzielnica:% Poprawnych
RZErzeszowski
73%
CRYrypiński
60%
PLLeszno
54%
ONAnamysłowski
52%
TOPopatowski
50%
BWMwysokomazowiecki
48%
SZAzawierciański
46%
GKSkościerski
45%
WSIsiedlecki
43%
ELAłaski
40%
FSUsulęciński
40%
PSLsłupecki
37%
KSUsuski
37%
ZLOłobeski
36%
DZAząbkowicki
36%
LKSkrasnostawski
33%
NSZszczycieński
32%
WHPraga Północ
18%
HCEmałopolskie
8%
HPSświętokrzyskie
8%

Rozkład punktacji

Percentyl według liczby udzielonych odpowiedzi

Procent ludzi z każdym wynikiem

Twoja historia wyników

Nie rozwiązałeś tego quizu